ՀՀ Գիտությունների ազգային ակադեմիայի հիմնարար գիտական գրադարան  =   Fundamental Scientific Library of NAS RA

Մեծապատիւ մուրացկանները / (Record no. 106972)

MARC details
000 -LEADER
fixed length control field 00750nam a2200217 a 4500
001 - CONTROL NUMBER
control field 000292252
003 - CONTROL NUMBER IDENTIFIER
control field AM-YeHGA
005 - DATE AND TIME OF LATEST TRANSACTION
control field 20250618071910.0
008 - FIXED-LENGTH DATA ELEMENTS--GENERAL INFORMATION
fixed length control field 031210s1895 gs 000 | arm d
040 ## - CATALOGING SOURCE
Original cataloging agency AM-YeHGA
041 0# - LANGUAGE CODE
Language code of text/sound track or separate title arm
090 ## - LOCALLY ASSIGNED LC-TYPE CALL NUMBER (OCLC); LOCAL CALL NUMBER (RLIN)
-- 108299
100 1# - MAIN ENTRY--PERSONAL NAME
Personal name Պարոնյան, Հակոբ Հովհաննեսի,
Dates associated with a name 1843-1891
9 (RLIN) 1587
245 10 - TITLE STATEMENT
Title Մեծապատիւ մուրացկանները /
Statement of responsibility, etc. Յ.Յ. Պարոնեան.
250 ## - EDITION STATEMENT
Edition statement 3-րդ տպագր.
260 ## - PUBLICATION, DISTRIBUTION, ETC.
Place of publication, distribution, etc. Թիֆլիս :
Name of publisher, distributor, etc. տպ. Վրաց. հրատ. ընկ.,
Date of publication, distribution, etc. 1895.
300 ## - PHYSICAL DESCRIPTION
Extent 163 էջ ;
Dimensions 18 սմ.
650 14 - SUBJECT ADDED ENTRY--TOPICAL TERM
Topical term or geographic name entry element Հայ գրականություն
General subdivision Վիպակ
710 2# - ADDED ENTRY--CORPORATE NAME
Corporate name or jurisdiction name as entry element Թիֆլիսի հայոց հրատարակչական ընկերություն
942 ## - ADDED ENTRY ELEMENTS (KOHA)
Source of classification or shelving scheme Universal Decimal Classification
Koha item type Գրքեր / Books
Holdings
Withdrawn status Lost status Source of classification or shelving scheme Damaged status Not for loan Collection Home library Current library Date acquired Total checkouts Full call number Barcode Date last seen Price effective from Koha item type Public note
    Universal Decimal Classification     Agulian Individual Collection Fundamental Scientific Library Fundamental Scientific Library 22/12/2016   Agul/300 FL0080305 22/12/2016 22/12/2016 Գրքեր / Books ILL Non-Circ.
          General Fundamental Scientific Library Fundamental Scientific Library 22/12/2016   AI/9054 FL0046644 22/12/2016 22/12/2016 Գրքեր / Books 30 Days Loan
          General Fundamental Scientific Library Fundamental Scientific Library 22/12/2016   AII/29196 220029196 22/12/2016 22/12/2016 Գրքեր / Books 30 Days Loan


ՀՀ ԳԱԱ հիմնարար գիտական գրադարան
ՀՀ,Երևան 0019
Մարշալ Բաղրամյան 24/6
հեռախոս:(374-10) 52-47-50
Հետադարձ կապ

All site content, except where otherwise noted, is licensed under a
Creative Commons License